Aditívna výroba komponentov zo zliatiny Inconel 718 pomocou laserového navárania
Salvato in:
| Autore principale: | |
|---|---|
| Altri autori: | |
| Natura: | Manoscritto Libro |
| Lingua: | slovacco |
| Pubblicazione: |
2025
|
| Soggetti: | |
| Accesso online: | http://is.stuba.sk/zp/portal_zp.pl?podrobnosti=186285 |
| Tags: |
Nessun Tag, puoi essere il primo ad aggiungerne!!
|
MARC
| LEADER | 00000ntm a22000003a 4500 | ||
|---|---|---|---|
| 001 | stuzp104654 | ||
| 003 | SK-STU | ||
| 005 | 20250614213243.5 | ||
| 007 | ta | ||
| 008 | 150427s2015----xo-----f-mn---000-0-slo-d | ||
| 040 | |a STU |b slo | ||
| 041 | 0 | |a slo | |
| 100 | 1 | |a Filová, Diana |u 063000 |4 aut |U MTF Materiálovotechnologická fakulta |T MTF Ústav výrobných technológií |X 109883 |U M3000 |Y 83 |7 109883 | |
| 242 | 0 | 1 | |a Additive manufacturing of Inconel 718 alloy components by laser metal deposition |y eng |
| 245 | 1 | 0 | |a Aditívna výroba komponentov zo zliatiny Inconel 718 pomocou laserového navárania |
| 260 | |c 2025 | ||
| 650 | 4 | |a microstructure |2 eng | |
| 650 | 4 | |a mechanical properties |2 eng | |
| 650 | 4 | |a Inconel 718 |2 eng | |
| 650 | 4 | |a LMD |2 eng | |
| 650 | 4 | |a additive manufacturing |2 eng | |
| 650 | 4 | |a LMD |2 slo | |
| 650 | 4 | |a mikroštruktúra |2 slo | |
| 650 | 4 | |a aditívna výroba |2 slo | |
| 650 | 4 | |a mechanické vlastnosti |2 slo | |
| 650 | 4 | |a Inconel 718 |2 slo | |
| 700 | 1 | |a Ptačinová, Jana |u 061000 |k Z1 |4 ths |U MTF Materiálovotechnologická fakulta |T MTF Ústav materiálov |X 59841 |U M1000 |Y 81 |7 A000059841 | |
| 856 | 4 | |u http://is.stuba.sk/zp/portal_zp.pl?podrobnosti=186285 | |
| 996 | |c M* DP-15520 |l MMSKP |s P |a 0 |w stuzp104654_0001 | ||